El hombre lobo (Record no. 81170)

MARC details
000 -LEADER
campo de control de longitud fija 00941nam a2200241 i 4500
001 - NÚMERO DE CONTROL
campo de control 81170
003 - IDENTIFICADOR DE NÚMERO DE CONTROL
campo de control ES-MaACL
005 - FECHA Y HORA DE LA ÚLTIMA TRANSACCIÓN
campo de control 20250807235414.0
007 - CAMPO FIJO DE DESCRIPCIÓN FÍSICA--INFORMACIÓN GENERAL
campo de control de longitud fija t|
008 - DATOS DE LONGITUD FIJA--INFORMACIÓN GENERAL
campo de control de longitud fija 041103s1968 sp |||| | spa d
245 03 - MENCIÓN DEL TÍTULO
Título El hombre lobo
Resto del título : Rebecka Lempin ; "Las brujas de Salem" ; Guardagujas ; K.S. ; Grafeneck ; Friedrich Haarmann ; Nickel List y sus compañeros ; Hermanos Tomascheck ; Andreas Stubenrauch ; St. L. M. ; Alex de Wallwitz /
Mención de responsabilidad, etc. recopilación de G. Herrmann Mostar, Robert A. Stemmle.
250 ## - MENCION DE EDICION
Mención de edición 1ª ed.
260 ## - PUBLICACIÓN, DISTRIBUCIÓN, ETC.
Lugar de publicación, distribución, etc. Barcelona :
Nombre del editor, distribuidor, etc. Luis de Caralt,
Fecha de publicación, distribución, etc. 1968.
300 ## - DESCRIPCIÓN FÍSICA
Extensión 328 p. ;
Dimensiones 21 cm.
490 1# - MENCIÓN DE SERIE
Mención de serie Crónicas del crimen
650 #4 - PUNTO DE ACCESO ADICIONAL DE MATERIA--TÉRMINO DE MATERIA
Término de materia o nombre geográfico como elemento de entrada Crimen y criminales.
9 (RLIN) 11417
650 #7 - PUNTO DE ACCESO ADICIONAL DE MATERIA--TÉRMINO DE MATERIA
Término de materia o nombre geográfico como elemento de entrada Hombres lobo
Fuente del encabezamiento o término embne
9 (RLIN) 169039
700 1# - ENTRADA AGREGADA--NOMBRE PERSONAL
Nombre de persona Herrmann Mostar, G.
9 (RLIN) 63378
700 1# - ENTRADA AGREGADA--NOMBRE PERSONAL
Nombre de persona Stemmle, Robert Adolf.
9 (RLIN) 108082
830 0# - PUNTO DE ACCESO ADICIONAL DE SERIE-TÍTULO UNIFORME
Título uniforme Crónicas del crimen
9 (RLIN) 231524
852 ## - LOCALIZACIÓN
Ubicación ES-MaACL
Número de control de estantería C-50417
Nota libre - Enc. cart.
Holdings
Estatus retirado Estado de pérdida Estado de daño No para préstamo Biblioteca de origen Biblioteca actual Ubicación en estantería Fecha de adquisición Fuente de adquisición Total de préstamos Signatura topográfica completa Código de barras Visto por última vez Precio de reemplazo Tipo de ítem Koha
        Biblioteca del Ateneo de Madrid Biblioteca del Ateneo de Madrid Depósito 2 17/01/2008     C-50417 1084852 23/02/2023 23/02/2023 Libro impreso